Geography Quiz

Random Geography or Flags Quiz

Fast Flags of Fury II Quiz Stats

 Plays Quiz Updated Jul 2, 2018

Score 0/20 Timer 04:00
6 Plays Today
Country % Correct
United States
96.7%
United Kingdom
94.4%
Jamaica
88.2%
India
83.8%
New Zealand
82.1%
Turkey
81.3%
Denmark
78.4%
Saudi Arabia
76.6%
Portugal
72.4%
Cuba
68.2%
Country % Correct
Albania
67.6%
Chile
66.8%
Pakistan
65.4%
Vatican City
64.8%
Georgia
62.2%
Bangladesh
56.4%
Zimbabwe
48%
eSwatini
44.6%
Somalia
44.1%
Mongolia
42.3%

You're not logged in!

Compare scores with friends on all Sporcle quizzes.
OR
Log In

Sporcle TV

Today on Sporcle TV


Watch our educational content, quiz creation guides, and fun videos on Sporcle TV.

Show Comments

Extras

Top Quizzes Today


Score Distribution

Your Account Isn't Verified!

In order to create a playlist on Sporcle, you need to verify the email address you used during registration. Go to your Sporcle Settings to finish the process.

Report this User

Report this user for behavior that violates our Community Guidelines.

Details: